000 00603nam a2200229Ia 4500
003 OSt
005 20220918214756.0
006 a|||||r|||| 00| 0
007 ta
008 220917b |||||||| |||| 00| 0 eng d
024 _a138,912
037 _cTextual
040 _aARTS
_cARTS
_beng
041 _2eng
_aeng
082 _aY1:1u2:N5, J5
100 _aLunia B N
_998935
245 0 _aEvolution of Indian culture
_b From the earliest times to the present day
260 _c1955
650 _aSOCIOLOGY
942 _hY1:1u2:N5, J5
_cTEXL
_2CC
999 _c261959
_d261959